书目信息 |
| 题名: |
水产品保鲜储运与检验
|
|
| 作者: | 熊善柏 主编 | |
| 分册: | ||
| 出版信息: | 北京 化学工业出版社 2007 |
|
| 页数: | 282页 | |
| 开本: | 26cm | |
| 丛书名: | ||
| 单 册: | ||
| 中图分类: | S98 | |
| 科图分类: | ||
| 主题词: | 水产品--食品保鲜--贮运 , 水产品--食品检验 , 水产品 , 食品保鲜 , 贮运 , 食品检验 | |
| 电子资源: | ||
| ISBN: | 978-7-5025-9433-6 | |
| 000 | 01035nam0 2200301 450 | |
| 001 | 012007783488 | |
| 005 | 20070523091919.84 | |
| 010 | @a978-7-5025-9433-6@dCNY38.00 | |
| 100 | @a20070204d2007 km y0chiy0120 ea | |
| 101 | 0 | @achi |
| 102 | @aCN@b110000 | |
| 105 | @aa z 000yy | |
| 106 | @ar | |
| 200 | 1 | @a水产品保鲜储运与检验@Ashui chan pin bao xian chu yun yu jian yan@f熊善柏主编@Fxiong shan bai zhu bian |
| 210 | @a北京@c化学工业出版社@d2007 | |
| 215 | @a282页@c图@d26cm | |
| 330 | @a本书共分4章,分别介绍了水产品的原料特性、储运保鲜过程中的品质变化,水产品的保鲜、保活储运方法,以及水产品的品质标准、检验检疫方法和质量保证体系。 | |
| 510 | 1 | @aTechnology of preservation,transportation and inspection for aquatic products@zeng |
| 606 | 0 | @a水产品@x食品保鲜@x贮运 |
| 606 | 0 | @a水产品@x食品检验 |
| 606 | 0 | @a水产品 |
| 606 | 0 | @a食品保鲜 |
| 606 | 0 | @a贮运 |
| 606 | 0 | @a食品检验 |
| 690 | @aS98@v4 | |
| 701 | 0 | @a熊善柏@Axiong shan bai@f(1963~)@4主编 |
| 801 | 0 | @aCN@bRULIN@c20070523 |
| 905 | @dS98@e28@s10 | |
| 水产品保鲜储运与检验/熊善柏主编.-北京:化学工业出版社,2007 |
| 282页:图;26cm |
| ISBN 978-7-5025-9433-6:CNY38.00 |
| 本书共分4章,分别介绍了水产品的原料特性、储运保鲜过程中的品质变化,水产品的保鲜、保活储运方法,以及水产品的品质标准、检验检疫方法和质量保证体系。 |
| ● |
| 相关链接 |
|
|
|
|
正题名:水产品保鲜储运与检验
索取号:S98/28
 
预约/预借
| 序号 | 登录号 | 条形码 | 馆藏地/架位号 | 状态 | 备注 |
| 1 | 0576816 | 205768169 | 第二样本阅览室/ [索取号:S98/28] | 在馆 | |
| 2 | 0576817 | 205768178 | 第三借阅区/ [索取号:S98/28] | 在馆 | |
| 3 | 0576818 | 205768187 | 第三借阅区/ [索取号:S98/28] | 在馆 | |
| 4 | 0576819 | 205768196 | 第三借阅区/ [索取号:S98/28] | 在馆 | |
| 5 | 0576820 | 205768203 | 第三借阅区/ [索取号:S98/28] | 在馆 | |
| 6 | 0576821 | 205768212 | 第三借阅区/ [索取号:S98/28] | 在馆 | |
| 7 | 0576822 | 205768221 | 第三借阅区/ [索取号:S98/28] | 在馆 | |
| 8 | 0576823 | 205768230 | 第三借阅区/ [索取号:S98/28] | 在馆 | |
| 9 | 0576824 | 205768249 | 第三借阅区/ [索取号:S98/28] | 在馆 | |
| 10 | 0576825 | 205768258 | 第三借阅区/ [索取号:S98/28] | 在馆 |